000 00221nam a2200097Ia 4500
008 190216s9999||||xx |||||||||||||| ||und||
100 _aNull
245 0 _aHindi-Kayom Kamse
260 _bVikas Publishing House
942 _cBK
999 _c17760
_d17760